Where is Bear? / (Record no. 223101)
[ view plain ]
| 000 -LEADER | |
|---|---|
| fixed length control field | 01350pam a2200349 i 4500 |
| 001 - CONTROL NUMBER | |
| control field | BK0019679188 |
| 003 - CONTROL NUMBER IDENTIFIER | |
| control field | DLC |
| 005 - DATE AND TIME OF LATEST TRANSACTION | |
| control field | 20170621153715.0 |
| 008 - FIXED-LENGTH DATA ELEMENTS--GENERAL INFORMATION | |
| fixed length control field | 160701r20172016nyua a 000 1 eng d |
| 010 ## - LIBRARY OF CONGRESS CONTROL NUMBER | |
| LC control number | 2016013076 |
| 020 ## - INTERNATIONAL STANDARD BOOK NUMBER | |
| International Standard Book Number | 9780399555930 : HRD |
| Terms of availability | 16.99 |
| 020 ## - INTERNATIONAL STANDARD BOOK NUMBER | |
| International Standard Book Number | 0399555935 : HRD |
| Terms of availability | 16.99 |
| 037 ## - SOURCE OF ACQUISITION | |
| Source of stock number/acquisition | Random House Childrens Books, Attn Order Entry 400 Hahn rd, Westminister, MD, USA, 21157 |
| Note | SAN 201-3975 |
| 040 ## - CATALOGING SOURCE | |
| Original cataloging agency | DLC |
| Language of cataloging | eng |
| Description conventions | rda |
| Transcribing agency | DLC |
| Modifying agency | NjBwBT |
| 050 00 - LIBRARY OF CONGRESS CALL NUMBER | |
| Classification number | PZ7.1.B4545 |
| Item number | Wh 2017 |
| 082 00 - DEWEY DECIMAL CLASSIFICATION NUMBER | |
| Classification number | [E] |
| Edition number | 23 |
| 092 ## - LOCALLY ASSIGNED DEWEY CALL NUMBER (OCLC) | |
| Classification number | E |
| 100 1# - MAIN ENTRY--PERSONAL NAME | |
| Personal name | Bentley, Jonathan, |
| Relator term | author, |
| -- | illustrator. |
| 245 10 - TITLE STATEMENT | |
| Title | Where is Bear? / |
| Statement of responsibility, etc | Jonathan Bentley. |
| 250 ## - EDITION STATEMENT | |
| Edition statement | First American edition. |
| 264 #1 - Production, Publication, Distribution, Manufacture, and Copyright Notice. | |
| Place of production, publication, distribution, manufacture | New York : |
| Name of producer, publisher, distributor, manufacturer | Doubleday Books for Young Readers, |
| Date of production, publication, distribution, manufacture, or copyr | [2017] |
| 300 ## - PHYSICAL DESCRIPTION | |
| Extent | 1 volume (unpaged) : |
| Other physical details | color illustrations ; |
| Dimensions | 26 cm |
| 336 ## - Content Type | |
| Content type term | text |
| 336 ## - Content Type | |
| Content type term | still image |
| 337 ## - Media type | |
| Media type term | unmediated |
| 338 ## - Carrier type | |
| Carrier type term | volume |
| 500 ## - GENERAL NOTE | |
| General note | "Originally published in Australia by Little Hare Books, an imprint of Hardie Grant, in 2016"--Copyright page. |
| 520 ## - SUMMARY, ETC. | |
| Summary, etc | "A little boy and his best friend - an actual bear - go on a search for a teddy bear before bedtime"-- |
| -- | Provided by publisher. |
| 650 #1 - SUBJECT ADDED ENTRY--TOPICAL TERM | |
| Topical term or geographic name as entry element | Teddy bears |
| Form subdivision | Fiction. |
| 650 #1 - SUBJECT ADDED ENTRY--TOPICAL TERM | |
| Topical term or geographic name as entry element | Bears |
| Form subdivision | Fiction. |
| 650 #1 - SUBJECT ADDED ENTRY--TOPICAL TERM | |
| Topical term or geographic name as entry element | Toys |
| Form subdivision | Fiction. |
| 650 #1 - SUBJECT ADDED ENTRY--TOPICAL TERM | |
| Topical term or geographic name as entry element | Bedtime |
| Form subdivision | Fiction. |
| Withdrawn status | Lost status | Source of classification or shelving scheme | Damaged status | Not for loan | Collection code | Home library | Current library | Shelving location | Date acquired | Source of acquisition | Cost, normal purchase price | Total Checkouts | Total Renewals | Full call number | Barcode | Date last seen | Date checked out | Cost, replacement price | Price effective from | Koha item type |
|---|---|---|---|---|---|---|---|---|---|---|---|---|---|---|---|---|---|---|---|---|
| Dewey Decimal Classification | Children Picture Books | Wasatch County Library | Wasatch County Library | Main Floor Childrens Area | 07/08/2017 | 16.99 | 55 | 17 | E Ben | 34301001527383 | 09/25/2025 | 08/14/2025 | 16.99 | 03/20/2020 | BOOK |
